000
00301nam a22001337a 4500
008
181024b xxu||||| |||| 00| 0 eng d
020
_a
1556640765
041
_a
eng
080
_a
610
100
_a
3
101
_a
shm
245
_a
Consulation In Internal Medicine
_c
Harigton.m
942
_2
udc
_c
BK
999
_c
50821
_d
50821